[Event "Youth Classic 2019 - Juniors Open U18"]
[Site "Bad Soden, Hasselgrundhalle"]
[Date "2019.10.05"]
[Round "5.4"]
[White "Vakulenko, Oleksandr"]
[Black "Hoffmann, Jens"]
[Result "1-0"]
[WhiteElo "2167"]
[BlackElo "2113"]
[PlyCount "113"]
[EventDate "2019.??.??"]
[WhiteTeam "Gambit Kiew"]
[BlackTeam "SF HN-Biberach"]

1. d4 Nf6 2. c4 g6 3. Nc3 d5 4. cxd5 Nxd5 5. Bd2 Bg7 6. e4 Nb6 7. Be3 O-O 8. h3
e6 9. Nf3 Nc6 10. Bb5 Qe7 11. O-O Rd8 12. Bg5 f6 13. Be3 Bd7 14. Qe2 a6 15. Bd3
Be8 16. Rad1 Rd7 17. Bb1 f5 18. a3 f4 19. Bxf4 Nxd4 20. Nxd4 Rxd4 21. Rc1 Nc4
22. Ba2 b5 23. Nd1 Nd6 24. f3 Rc8 25. Be3 c5 26. Kh1 Bf7 27. Bxd4 Bxd4 28. f4
Qb7 29. Bb1 Re8 30. Nf2 e5 31. fxe5 Rxe5 32. Ng4 Nxe4 33. Qf3 Re7 34. Bxe4 Qxe4
35. Qxe4 Rxe4 36. Nh6+ Kg7 37. Nxf7 Re7 38. Nd6 Re6 39. Nb7 c4 40. Rc2 Rb6 41.
Na5 Re6 42. Rf3 h5 43. g3 Bb6 44. b4 Kh6 45. Kg2 Rd6 46. Nb7 Rd7 47. Nc5 Bxc5
48. bxc5 Rc7 49. Rf6 a5 50. c6 Kg7 51. Rd6 Kf7 52. Rd7+ Rxd7 53. cxd7 Ke7 54.
Rb2 Kxd7 55. Rxb5 Kc6 56. Rxa5 c3 57. Ra8 1-0

[Event "Youth Classic 2019 - Juniors Open U18"]
[Site "Bad Soden, Hasselgrundhalle"]
[Date "2019.10.05"]
[Round "5.5"]
[White "Wu, Sifan"]
[Black "Stobbe, Frederik"]
[Result "1-0"]
[WhiteElo "1574"]
[BlackElo "1849"]
[PlyCount "97"]
[EventDate "2019.??.??"]
[WhiteTeam "SV Oberursel"]
[BlackTeam "SC Bad Soden"]

1. e4 c5 2. Nf3 d6 3. d4 cxd4 4. Nxd4 Nf6 5. Nc3 Nc6 6. Be3 e5 7. Nb3 Be7 8. f3
Be6 9. Qd2 O-O 10. O-O-O a5 11. Kb1 a4 12. Nc1 Ra5 13. a3 d5 14. exd5 Nxd5 15.
Be2 Nxc3+ 16. Qxc3 Qc7 17. h4 b5 18. Nd3 Bc4 19. Nc1 Bxe2 20. Nxe2 b4 21. axb4
Bxb4 22. Qc4 Qb7 23. Bd2 Bxd2 24. Rxd2 Rb5 25. Qa2 a3 26. b3 Nb4 27. Qxa3 Ra8
28. Qb2 Rba5 29. Rhd1 Qc7 30. Qc3 Nc6 31. Rd6 R5a6 32. Rd7 Qb6 33. Qc4 Ra1+ 34.
Kb2 R8a2+ 35. Kc3 Qa5+ 36. b4 Qa3+ 37. Kd2 Rxc2+ 38. Qxc2 Ra2 39. Ke1 Qxb4+ 40.
Qc3 Qxh4+ 41. Kf1 Qh1+ 42. Kf2 Rxe2+ 43. Kxe2 Qxg2+ 44. Ke1 Qg3+ 45. Kd2 Qf4+
46. Kc2 Qf5+ 47. Kb2 h6 48. Qxc6 Qf4 49. Qe4 1-0

[Event "Youth Classic 2019 - Juniors Open U18"]
[Site "Bad Soden, Hasselgrundhalle"]
[Date "2019.10.05"]
[Round "5.6"]
[White "Papadopoulos, Ioannis"]
[Black "Hoang, Jan"]
[Result "1-0"]
[WhiteElo "1944"]
[BlackElo "1097"]
[PlyCount "81"]
[EventDate "2019.??.??"]
[WhiteTeam "SV Oberursel"]
[BlackTeam "Post  Schw. Hall"]

1. e4 e5 2. Nf3 Nc6 3. Bc4 Nf6 4. d3 Bc5 5. c3 O-O 6. Bb3 h6 7. O-O d6 8. Nbd2
Bg4 9. h3 Bh5 10. Re1 Re8 11. Nf1 Bb6 12. Ng3 Bxf3 13. Qxf3 Qe7 14. Nf5 Qf8 15.
Nxh6+ gxh6 16. Qxf6 Kh7 17. Bxf7 Ne7 18. Qf3 Red8 19. Bh5 Qg7 20. Be3 Rg8 21.
Qf7 Raf8 22. Qxg7+ Rxg7 23. Bxb6 axb6 24. Rad1 Rfg8 25. g3 Rg5 26. Bf3 R5g7 27.
Bg2 c5 28. d4 Rb8 29. dxc5 dxc5 30. Rd7 Nc6 31. Red1 Rxd7 32. Rxd7+ Kg8 33. f4
Kf8 34. Kf2 Kg8 35. f5 Kh8 36. g4 c4 37. h4 Rd8 38. Rxd8+ Nxd8 39. Bf1 b5 40.
a4 bxa4 41. Bxc4 1-0

[Event "Youth Classic 2019 - Juniors Open U18"]
[Site "Bad Soden, Hasselgrundhalle"]
[Date "2019.10.05"]
[Round "5.7"]
[White "Murmann, Jonas"]
[Black "Englert, Georg"]
[Result "1/2-1/2"]
[WhiteElo "1394"]
[BlackElo "1249"]
[PlyCount "72"]
[EventDate "2019.??.??"]
[WhiteTeam "SC ML Kastellaun"]
[BlackTeam "SC ML Kastellaun"]

1. c4 g6 2. g3 Bg7 3. Bg2 Nf6 4. Nc3 c6 5. d4 d5 6. b3 O-O 7. Nf3 Re8 8. O-O
Nbd7 9. Bf4 h6 10. h4 Nh5 11. e3 Nxf4 12. exf4 Nb6 13. c5 Nd7 14. Ne5 Nxe5 15.
fxe5 Qc7 16. b4 b6 17. b5 e6 18. cxb6 Qxb6 19. bxc6 Qxc6 20. Qa4 Bd7 21. Qxc6
Bxc6 22. Rfc1 Rec8 23. Bf1 a6 24. Rab1 Bf8 25. Rb6 a5 26. Ba6 Rc7 27. Nxd5 exd5
28. Rcxc6 Rxc6 29. Rxc6 Bb4 30. f4 Kg7 31. g4 Bd2 32. f5 gxf5 33. gxf5 Be3+ 34.
Kg2 Bxd4 35. e6 fxe6 36. fxe6 Kf6 1/2-1/2

[Event "Youth Classic 2019 - Juniors Open U18"]
[Site "Bad Soden, Hasselgrundhalle"]
[Date "2019.10.05"]
[Round "5.8"]
[White "Sander, Jannik"]
[Black "Koch, Laura"]
[Result "1/2-1/2"]
[WhiteElo "1233"]
[BlackElo "1020"]
[PlyCount "48"]
[EventDate "2019.??.??"]
[WhiteTeam "SK Gernsheim"]
[BlackTeam "SV Frankfurt Nord"]

1. e4 e5 2. Nf3 Nc6 3. d4 exd4 4. Nxd4 Nf6 5. Nc3 Bb4 6. Nxc6 bxc6 7. Bd3 O-O
8. O-O Re8 9. Bg5 d6 10. a3 Bc5 11. h3 h6 12. Bf4 Bd4 13. Bd2 Bxc3 14. Bxc3
Nxe4 15. Bxe4 Rxe4 16. Qf3 d5 17. Ba5 Ba6 18. Rfd1 Be2 19. Qxe4 dxe4 20. Rxd8+
Rxd8 21. Bxc7 Rd2 22. Rc1 Bd1 23. Ba5 Rd5 24. Bc3 f5 1/2-1/2

[Event "Youth Classic 2019 - Juniors Open U18"]
[Site "Bad Soden, Hasselgrundhalle"]
[Date "2019.10.05"]
[Round "5.9"]
[White "Klein, Dennis"]
[Black "Köpke, Carolina"]
[Result "1/2-1/2"]
[WhiteElo "1119"]
[BlackElo "1453"]
[PlyCount "34"]
[EventDate "2019.??.??"]
[WhiteTeam "Post  Schw. Hall"]
[BlackTeam "SV Oberursel"]

1. d4 d5 2. Bf4 Nf6 3. e3 c5 4. c3 Qb6 5. Qc2 Nc6 6. Nd2 e6 7. Ngf3 Qd8 8. Qd1
c4 9. b3 b5 10. Ne5 Nxe5 11. Bxe5 Bd6 12. Bg3 O-O 13. e4 Bxg3 14. hxg3 Re8 15.
e5 Nd7 16. f4 f6 17. Qc2 Nf8 1/2-1/2

[Event "Youth Classic 2019 - Juniors Open U18"]
[Site "Bad Soden, Hasselgrundhalle"]
[Date "2019.10.05"]
[Round "5.10"]
[White "Schmetkamp, Ian"]
[Black "Jung, Natalie"]
[Result "1/2-1/2"]
[WhiteElo "1129"]
[BlackElo "1119"]
[PlyCount "48"]
[EventDate "2019.??.??"]
[WhiteTeam "Post  Schw. Hall"]
[BlackTeam "SK Ettlingen"]

1. e4 e5 2. Nf3 Nc6 3. Bc4 h6 4. O-O Nf6 5. d3 Bc5 6. Be3 Bb6 7. Re1 O-O 8.
Nbd2 d6 9. h3 Be6 10. Bb3 Ne7 11. c3 c5 12. d4 Bxb3 13. axb3 cxd4 14. cxd4 Rc8
15. dxe5 dxe5 16. Nxe5 Nc6 17. Ndc4 Qc7 18. Ng4 Nh7 19. Nxh6+ Kh8 20. Nxb6 axb6
21. Nf5 g6 22. Nd4 Rfd8 23. Rc1 Qe5 24. f4 Qxe4 1/2-1/2

[Event "Youth Classic 2019 - Juniors Open U18"]
[Site "Bad Soden, Hasselgrundhalle"]
[Date "2019.10.05"]
[Round "5.11"]
[White "Mehl, Florian"]
[Black "Pfaff, Pawel"]
[Result "0-1"]
[WhiteElo "983"]
[BlackElo "1265"]
[PlyCount "76"]
[EventDate "2019.??.??"]
[WhiteTeam "Post  Schw. Hall"]
[BlackTeam "SC Bad Soden"]

1. c4 e5 2. Nc3 Nc6 3. g3 Nf6 4. d3 d5 5. cxd5 Nxd5 6. Bg2 Bb4 7. a3 Nxc3 8.
bxc3 Bxc3+ 9. Bd2 Bxa1 10. Qxa1 O-O 11. Nf3 Re8 12. O-O Nd4 13. e3 Nxf3+ 14.
Bxf3 Qxd3 15. Bc3 Qf5 16. Bg2 Bd7 17. Bxb7 Rab8 18. Bg2 Rb6 19. Rc1 Bc6 20.
Bxc6 Rxc6 21. Qb2 h6 22. Qb7 Rf6 23. Rf1 c6 24. Qxa7 Rd6 25. Ba5 e4 26. Bc7 Rd7
27. Qb6 Rc8 28. Bf4 Qb5 29. Qxb5 cxb5 30. Rb1 Rb7 31. Bd6 Rc6 32. Bb4 Kh7 33.
f4 exf3 34. Kf2 Kg6 35. Kxf3 f5 36. Kf4 Rc4+ 37. Ke5 Rd7 38. Re1 Re4# 0-1

[Event "Youth Classic 2019 - Juniors Open U18"]
[Site "Bad Soden, Hasselgrundhalle"]
[Date "2019.10.05"]
[Round "5.12"]
[White "Wagner, Valerian"]
[Black "Sauer, Philipp"]
[Result "0-1"]
[WhiteElo "751"]
[BlackElo "1166"]
[PlyCount "122"]
[EventDate "2019.??.??"]
[WhiteTeam "SC Bad Soden"]
[BlackTeam "Post  Schw. Hall"]

1. e4 e5 2. Nf3 Nc6 3. Bc4 Bc5 4. Nc3 d6 5. d3 Bg4 6. h3 Bh5 7. g4 Bg6 8. Be3
Bxe3 9. fxe3 Na5 10. Qe2 Nxc4 11. dxc4 Nf6 12. Qd3 Qd7 13. O-O-O O-O-O 14. Nd2
Qc6 15. g5 Nd7 16. Qd5 Qxd5 17. Nxd5 Rhe8 18. h4 Nc5 19. Nc3 f5 20. exf5 Bxf5
21. Rhf1 g6 22. Nd5 c6 23. Nf6 Re7 24. Nb3 Na6 25. Rfe1 Be6 26. c5 d5 27. e4 d4
28. h5 Bxb3 29. axb3 Nxc5 30. hxg6 hxg6 31. Ng4 d3 32. Rh1 Nxe4 33. Rh6 d2+ 34.
Kb1 Re6 35. c3 Nxg5 36. Kc2 Nf3 37. Nf2 e4 38. Nxe4 Rxe4 39. Rxg6 Re1 40. Rf6
Rxd1 41. Kxd1 Rd3 42. Rf8+ Kc7 43. Rf7+ Kb6 44. b4 Kb5 45. Rxb7+ Kc4 46. Rxa7
Kb3 47. Ra6 Re3 48. Ra3+ Kxb2 49. Ra2+ Kxa2 50. Kc2 Rxc3+ 51. Kd1 Rc1+ 52. Ke2
d1=Q+ 53. Ke3 Rc3+ 54. Ke4 Nd2+ 55. Ke5 Nb3 56. b5 Re3+ 57. Kf4 Qd4+ 58. Kf5
Re5+ 59. Kf6 Qd6+ 60. Kf7 Re7+ 61. Kf8 Qd8# 0-1

[Event "Youth Classic 2019 - Juniors Open U18"]
[Site "Bad Soden, Hasselgrundhalle"]
[Date "2019.10.05"]
[Round "6.1"]
[White "Iliev, Mustafa Batuhan"]
[Black "Vakulenko, Oleksandr"]
[Result "0-1"]
[WhiteElo "2017"]
[BlackElo "2167"]
[PlyCount "76"]
[EventDate "2019.??.??"]
[WhiteTeam "SV Großauheim"]
[BlackTeam "Gambit Kiew"]

1. e4 e5 2. Nf3 Nc6 3. Bc4 Nf6 4. d3 h6 5. h3 d6 6. a4 a5 7. O-O g6 8. Nc3 Bg7
9. Re1 Be6 10. Bb5 O-O 11. Be3 Re8 12. Qd2 Kh7 13. d4 exd4 14. Nxd4 Bd7 15. f3
Nb4 16. Bc4 Re7 17. Bb3 Rc8 18. Ndb5 Be6 19. Nd5 Nfxd5 20. exd5 Bf5 21. Nd4 Bd7
22. c3 Na6 23. Bc4 Nc5 24. Nb5 Bxb5 25. axb5 b6 26. Rad1 Qf8 27. Bf2 Rce8 28.
Bh4 f6 29. f4 Rxe1+ 30. Rxe1 f5 31. Re3 Ne4 32. Qe1 Qf7 33. Bb3 Bf6 34. g4 Bxh4
35. Qxh4 Nd2 36. Qf2 Nxb3 37. Rd3 Qe7 38. Kf1 Qe4 0-1

[Event "Youth Classic 2019 - Juniors Open U18"]
[Site "Bad Soden, Hasselgrundhalle"]
[Date "2019.10.05"]
[Round "6.2"]
[White "Köllner, Ruben Gideon"]
[Black "Köllner, Aaron Noah"]
[Result "1/2-1/2"]
[WhiteElo "2254"]
[BlackElo "2087"]
[PlyCount "25"]
[EventDate "2019.??.??"]
[WhiteTeam "SF Deizisau"]
[BlackTeam "SV Bergneustadt/Derschlag"]

1. d4 Nf6 2. c4 d6 3. Nc3 e5 4. d5 Bf5 5. f3 e4 6. g4 Nxg4 7. fxg4 Qh4+ 8. Kd2
e3+ 9. Kxe3 Qg5+ 10. Kf2 Qh4+ 11. Ke3 Qg5+ 12. Kf2 Qh4+ 13. Ke3 1/2-1/2

[Event "Youth Classic 2019 - Juniors Open U18"]
[Site "Bad Soden, Hasselgrundhalle"]
[Date "2019.10.05"]
[Round "6.3"]
[White "Lehmann, Tim"]
[Black "Wu, Sifan"]
[Result "1-0"]
[WhiteElo "1955"]
[BlackElo "1574"]
[PlyCount "61"]
[EventDate "2019.??.??"]
[WhiteTeam "SV Lahn Limburg"]
[BlackTeam "SV Oberursel"]

1. d4 d5 2. Bf4 Nf6 3. e3 e6 4. Nf3 c5 5. c3 Nc6 6. Nbd2 Be7 7. Bd3 O-O 8. Ne5
cxd4 9. exd4 Nxe5 10. dxe5 Nd7 11. h4 Nc5 12. Bc2 f5 13. exf6 Rxf6 14. Be5 Rf7
15. Nf3 h6 16. Bg6 Rf8 17. g4 Bf6 18. g5 Bxe5 19. Nxe5 Qc7 20. Qe2 Na4 21. Rb1
Nxc3 22. bxc3 Qxc3+ 23. Kf1 b6 24. Bd3 Bb7 25. gxh6 Rf6 26. h7+ Kh8 27. Rg1 d4
28. Qg4 Qc7 29. Ng6+ Rxg6 30. Qxg6 Rf8 31. Qg3 1-0

[Event "Youth Classic 2019 - Juniors Open U18"]
[Site "Bad Soden, Hasselgrundhalle"]
[Date "2019.10.05"]
[Round "6.4"]
[White "Geltz, Noah"]
[Black "Meinecke, Florian"]
[Result "1/2-1/2"]
[WhiteElo "2054"]
[BlackElo "1987"]
[PlyCount "105"]
[EventDate "2019.??.??"]
[WhiteTeam "SF HN-Biberach"]
[BlackTeam "SV Turm Sankt Augustin"]

1. Nf3 d5 2. d4 c6 3. c4 Nf6 4. cxd5 cxd5 5. Nc3 Nc6 6. Bf4 e6 7. a3 Be7 8. e3
Nh5 9. Be5 f6 10. Bg3 Nxg3 11. hxg3 f5 12. Bd3 g6 13. g4 Rb8 14. gxf5 gxf5 15.
Ne5 Nxe5 16. dxe5 Qb6 17. Bb5+ Bd7 18. Qa4 Bxb5 19. Nxb5 Kf7 20. Rc1 a6 21.
Nd6+ Bxd6 22. exd6 Qxd6 23. Qh4 h5 24. Qd4 e5 25. Qd1 Kg6 26. e4 fxe4 27. Rc3
Rbg8 28. Rg3+ Kf7 29. Rxg8 Kxg8 30. Rxh5 Rxh5 31. Qxh5 Qe6 32. Qg5+ Kf7 33. g4
Qf6 34. Qh5+ Ke6 35. g5 Qg7 36. Kd2 Qf7 37. Qh6+ Kf5 38. Qd6 Kxg5 39. Qxe5+ Qf5
40. Qg3+ Kf6 41. Qd6+ Kg7 42. Qe7+ Qf7 43. Qg5+ Kh7 44. Qh4+ Kg6 45. Qg3+ Kf5
46. Ke3 Ke6 47. Ke2 Qh5+ 48. Kd2 Qe5 49. Qg8+ Kf6 50. Qh8+ Ke6 51. Qe8+ Kf6 52.
Qh8+ Ke6 53. Qe8+ 1/2-1/2

[Event "Youth Classic 2019 - Juniors Open U18"]
[Site "Bad Soden, Hasselgrundhalle"]
[Date "2019.10.05"]
[Round "6.5"]
[White "Papadopoulos, Ioannis"]
[Black "Sander, Jannik"]
[Result "1/2-1/2"]
[WhiteElo "1944"]
[BlackElo "1233"]
[PlyCount "76"]
[EventDate "2019.??.??"]
[WhiteTeam "SV Oberursel"]
[BlackTeam "SK Gernsheim"]

1. e4 e5 2. Nf3 Nc6 3. Bc4 Bc5 4. O-O Nf6 5. d4 Bxd4 6. Nxd4 Nxd4 7. f4 d6 8.
fxe5 dxe5 9. Bg5 h6 10. Bxf6 gxf6 11. c3 Be6 12. Na3 Bxc4 13. Nxc4 Ne6 14.
Qxd8+ Rxd8 15. Rxf6 Ke7 16. Rf2 f6 17. g3 Ng5 18. Re2 Rhg8 19. Kg2 b6 20. Rf1
Rd3 21. Ne3 c6 22. Nf5+ Kd7 23. Nxh6 Rg6 24. Nf5 Ne6 25. Kh1 Nc5 26. Rff2 Rg4
27. Rd2 Rxe4 28. b4 Rxd2 29. Rxd2+ Ke6 30. Ng7+ Kf7 31. bxc5 Kxg7 32. Rd7+ Kg6
33. Rxa7 bxc5 34. Kg2 Re3 35. Ra6 Rxc3 36. Rxc6 c4 37. a4 Rc1 38. a5 Ra1
1/2-1/2

[Event "Youth Classic 2019 - Juniors Open U18"]
[Site "Bad Soden, Hasselgrundhalle"]
[Date "2019.10.05"]
[Round "6.6"]
[White "Hoffmann, Jens"]
[Black "Murmann, Jonas"]
[Result "1-0"]
[WhiteElo "2113"]
[BlackElo "1394"]
[PlyCount "51"]
[EventDate "2019.??.??"]
[WhiteTeam "SF HN-Biberach"]
[BlackTeam "SC ML Kastellaun"]

1. e4 c5 2. Nf3 Nc6 3. d4 cxd4 4. Nxd4 g6 5. c4 Bg7 6. Be3 Nf6 7. Nc3 O-O 8.
Be2 b6 9. O-O Bb7 10. f3 e6 11. Ndb5 Rb8 12. Qd2 Ne7 13. Bf4 Ra8 14. Bc7 Qc8
15. Bd6 Qd8 16. Rfd1 Ne8 17. Bxe7 Qxe7 18. Qxd7 Qxd7 19. Rxd7 Bc6 20. Rxa7 Rxa7
21. Nxa7 Bb7 22. Nab5 Bxc3 23. Nxc3 Nc7 24. Rd1 Ba6 25. Rd6 b5 26. cxb5 1-0

[Event "Youth Classic 2019 - Juniors Open U18"]
[Site "Bad Soden, Hasselgrundhalle"]
[Date "2019.10.05"]
[Round "6.7"]
[White "Koch, Laura"]
[Black "Englert, Georg"]
[Result "1-0"]
[WhiteElo "1020"]
[BlackElo "1249"]
[PlyCount "119"]
[EventDate "2019.??.??"]
[WhiteTeam "SV Frankfurt Nord"]
[BlackTeam "SC ML Kastellaun"]

1. e4 e5 2. Nf3 Nc6 3. d4 exd4 4. Nxd4 Qe7 5. Nc3 Nxd4 6. Qxd4 c5 7. Qa4 Nf6 8.
Bg5 h6 9. Bxf6 Qxf6 10. f3 Qd4 11. Qxd4 cxd4 12. Nd5 Kd8 13. O-O-O Bc5 14. Bc4
a6 15. Nf4 g5 16. Ne2 Ke7 17. Nxd4 Bxd4 18. Rxd4 b5 19. Bd5 Ra7 20. Rhd1 Rd8
21. g3 Bb7 22. Bb3 Bc6 23. h4 Rg8 24. Rh1 Rg7 25. hxg5 hxg5 26. f4 gxf4 27.
gxf4 f5 28. Re1 fxe4 29. Bd5 Bxd5 30. Rxd5 d6 31. Rxe4+ Kf6 32. Rxd6+ Kf5 33.
Red4 Rg4 34. R6d5+ Kf6 35. a4 bxa4 36. Rxa4 Ke7 37. Re4+ Kf6 38. c4 Rb7 39. c5
Rg3 40. c6 Rc7 41. Rc4 Ke6 42. Rd8 Rf3 43. Rdd4 Ke7 44. Rc5 Rh3 45. Re5+ Kf7
46. Rd6 Rh8 47. f5 Re8 48. Rxe8 Kxe8 49. Re6+ Kf7 50. Kc2 Rc8 51. Rd6 Rc7 52.
Kc3 Ke7 53. Re6+ Kf7 54. b4 Kg7 55. f6+ Kf7 56. Rd6 Ke8 57. Kc4 Kf8 58. Rd8+
Kf7 59. Rd7+ Rxd7 60. cxd7 1-0

[Event "Youth Classic 2019 - Juniors Open U18"]
[Site "Bad Soden, Hasselgrundhalle"]
[Date "2019.10.05"]
[Round "6.8"]
[White "Jung, Natalie"]
[Black "Stobbe, Frederik"]
[Result "0-1"]
[WhiteElo "1119"]
[BlackElo "1849"]
[PlyCount "80"]
[EventDate "2019.??.??"]
[WhiteTeam "SK Ettlingen"]
[BlackTeam "SC Bad Soden"]

1. d4 Nf6 2. Nf3 e6 3. Bf4 b6 4. g3 Bb7 5. Bg2 d6 6. Nc3 Ne4 7. Nxe4 Bxe4 8.
O-O Be7 9. c3 O-O 10. Nd2 Bxg2 11. Kxg2 f5 12. Nf3 g5 13. Bd2 g4 14. Ne1 Qe8
15. Qb3 d5 16. Nd3 Bd6 17. Nf4 Nd7 18. a3 Nf6 19. Rh1 Ne4 20. Be3 Bxf4 21. Bxf4
Qh5 22. h4 gxh3+ 23. Rxh3 Qxe2 24. Rf1 Rf7 25. Rhh1 Rg7 26. Be5 Rg6 27. Bxc7 f4
28. Bxf4 Rf8 29. Qd1 Qxd1 30. Rxd1 Rxf4 31. Rdf1 Rf7 32. Rh3 b5 33. f4 Rfg7 34.
Rf3 a5 35. Re3 a4 36. Kh2 Nf2 37. Re2 Nxh3 38. Kxh3 Rxg3+ 39. Kh2 R7g6 40. Rf2
R3g4 0-1

[Event "Youth Classic 2019 - Juniors Open U18"]
[Site "Bad Soden, Hasselgrundhalle"]
[Date "2019.10.05"]
[Round "6.9"]
[White "Hoang, Jan"]
[Black "Köpke, Carolina"]
[Result "1/2-1/2"]
[WhiteElo "1097"]
[BlackElo "1453"]
[PlyCount "86"]
[EventDate "2019.??.??"]
[WhiteTeam "Post  Schw. Hall"]
[BlackTeam "SV Oberursel"]

1. c4 c5 2. Nc3 Nf6 3. g3 Nc6 4. Bg2 g6 5. d3 Bg7 6. Nf3 O-O 7. O-O b6 8. Ne5
Bb7 9. Nxc6 Bxc6 10. Bxc6 dxc6 11. Re1 Qd7 12. Ne4 Nxe4 13. dxe4 Qxd1 14. Rxd1
Rfd8 15. Rd3 Rxd3 16. exd3 Rd8 17. Rb1 Rxd3 18. Bg5 e6 19. b3 Rd4 20. f3 f5 21.
exf5 gxf5 22. Re1 Kf7 23. Kf2 Bf6 24. Be3 Rd8 25. f4 Bd4 26. Ke2 Bxe3 27. Kxe3
Kf6 28. h3 h5 29. h4 Rd4 30. Ke2 Ke7 31. Rd1 Kd6 32. Rd3 Kc7 33. Ke3 Rxd3+ 34.
Kxd3 b5 35. a4 a6 36. a5 Kd6 37. Ke3 e5 38. fxe5+ Kxe5 39. Kf3 bxc4 40. bxc4
Kd4 41. Kf4 Kxc4 42. Kxf5 Kd4 43. g4 hxg4 1/2-1/2

[Event "Youth Classic 2019 - Juniors Open U18"]
[Site "Bad Soden, Hasselgrundhalle"]
[Date "2019.10.05"]
[Round "6.10"]
[White "Pfaff, Pawel"]
[Black "Klein, Dennis"]
[Result "0-1"]
[WhiteElo "1265"]
[BlackElo "1119"]
[PlyCount "102"]
[EventDate "2019.??.??"]
[WhiteTeam "SC Bad Soden"]
[BlackTeam "Post  Schw. Hall"]

1. e4 e5 2. Nf3 Nc6 3. Bc4 Nf6 4. Nc3 Nxe4 5. Nxe4 d5 6. Bxd5 Qxd5 7. Nc3 Qd8
8. d3 Bg4 9. h3 Bh5 10. O-O Nd4 11. Be3 Nxf3+ 12. gxf3 Bd6 13. Re1 O-O 14. Ne4
Qd7 15. Kg2 f5 16. Ng3 Qe6 17. Nxh5 Qg6+ 18. Ng3 f4 19. Bd2 fxg3 20. fxg3 e4
21. f4 exd3 22. cxd3 Bxf4 23. Bxf4 Rxf4 24. Rf1 Rxf1 25. Qxf1 Rf8 26. Qe2 Qc6+
27. Kh2 Qb6 28. Rf1 Rxf1 29. Qxf1 Qxb2+ 30. Kg1 Qxa2 31. d4 Qd5 32. Qf2 a5 33.
Qe3 h6 34. Kf1 b6 35. Ke2 c5 36. dxc5 bxc5 37. h4 c4 38. Qa3 Qd3+ 39. Qxd3
cxd3+ 40. Kxd3 g5 41. h5 Kf7 42. g4 Ke6 43. Kc3 Ke5 44. Kb3 Kf4 45. Ka4 Kxg4
46. Kxa5 Kf4 47. Kb6 g4 48. Kc6 g3 49. Kd6 g2 50. Ke6 g1=Q 51. Kf6 Qg5+ 0-1

[Event "Youth Classic 2019 - Juniors Open U18"]
[Site "Bad Soden, Hasselgrundhalle"]
[Date "2019.10.05"]
[Round "6.11"]
[White "Roden, Philipp"]
[Black "Wagner, Valerian"]
[Result "0-1"]
[WhiteElo "1295"]
[BlackElo "751"]
[PlyCount "72"]
[EventDate "2019.??.??"]
[WhiteTeam "SC ML Kastellaun"]
[BlackTeam "SC Bad Soden"]

1. d4 d5 2. c4 dxc4 3. Nf3 Nf6 4. Bg5 Bf5 5. Nc3 Nc6 6. Bxf6 exf6 7. e3 Nb4 8.
Qa4+ Bd7 9. Qd1 Be7 10. Bxc4 O-O 11. a3 Nc6 12. O-O Bd6 13. Rc1 Qc8 14. Ne2 Ne7
15. Bd3 g6 16. Nd2 Bc6 17. Be4 Bb5 18. Nc4 Bxc4 19. Rxc4 Qg4 20. Nf4 Qxd1 21.
Rxd1 Bxf4 22. exf4 Rad8 23. Bxb7 Rfe8 24. Rxc7 Nf5 25. d5 Re7 26. Rxe7 Nxe7 27.
d6 Nf5 28. d7 Ng7 29. Bc8 Ne6 30. Re1 Nc7 31. Re4 f5 32. g3 fxe4 33. b4 Nb5 34.
a4 Nd6 35. Ba6 Rxd7 36. b5 Nc4 0-1

[Event "Youth Classic 2019 - Juniors Open U18"]
[Site "Bad Soden, Hasselgrundhalle"]
[Date "2019.10.05"]
[Round "6.12"]
[White "Sauer, Philipp"]
[Black "Mehl, Florian"]
[Result "1/2-1/2"]
[WhiteElo "1166"]
[BlackElo "983"]
[PlyCount "44"]
[EventDate "2019.??.??"]
[WhiteTeam "Post  Schw. Hall"]
[BlackTeam "Post  Schw. Hall"]

1. e4 c5 2. Nf3 d6 3. d4 cxd4 4. Nxd4 Nc6 5. Nxc6 bxc6 6. Nc3 g6 7. Bc4 Bg7 8.
O-O Nf6 9. Bg5 h6 10. Bxf6 Bxf6 11. Qf3 O-O 12. Rad1 Be6 13. Bxe6 fxe6 14. Qh3
Kh7 15. Qxe6 Qb6 16. Na4 Qa6 17. Nc3 Rab8 18. f4 Qb6+ 19. Kh1 Qxb2 20. Ne2 Qxc2
21. Ng3 Rb2 22. Rg1 c5 1/2-1/2

[Event "Youth Classic 2019 - Juniors Open U18"]
[Site "Bad Soden, Hasselgrundhalle"]
[Date "2019.10.05"]
[Round "7.1"]
[White "Köllner, Aaron Noah"]
[Black "Vakulenko, Oleksandr"]
[Result "0-1"]
[WhiteElo "2087"]
[BlackElo "2167"]
[PlyCount "104"]
[EventDate "2019.??.??"]
[WhiteTeam "SV Bergneustadt/Derschlag"]
[BlackTeam "Gambit Kiew"]

1. d4 d5 2. Bf4 Nf6 3. e3 g6 4. Bd3 Bg7 5. Nd2 c5 6. c3 Nc6 7. h3 O-O 8. Ngf3
Nd7 9. O-O e5 10. dxe5 Ndxe5 11. Nxe5 Nxe5 12. Bc2 b6 13. Nf3 Nc4 14. Rb1 Bb7
15. Qd3 Re8 16. Ba4 Re6 17. Rfd1 a6 18. Ng5 Re7 19. Bc2 h6 20. Nf3 b5 21. h4
Re6 22. h5 Qe7 23. Qe2 Kh7 24. Bd3 Rd8 25. Bg3 d4 26. hxg6+ fxg6 27. Bxc4 bxc4
28. cxd4 cxd4 29. Qxc4 Bd5 30. Qc7 Rd7 31. Qa5 Bxf3 32. gxf3 dxe3 33. Qa4 Rxd1+
34. Qxd1 e2 35. Qe1 g5 36. f4 gxf4 37. Bxf4 h5 38. Kg2 Qf6 39. Bg3 Qe7 40. f3
Be5 41. Bxe5 Rxe5 42. Kh3 Qe6+ 43. Kg2 Rg5+ 44. Kf2 Qb6+ 45. Kxe2 Re5+ 46. Kf1
Rxe1+ 47. Rxe1 Qxb2 48. Re2 Qb5 49. Kf2 Kg6 50. f4 Qd3 51. Re6+ Kf5 52. Re5+
Kxf4 0-1

[Event "Youth Classic 2019 - Juniors Open U18"]
[Site "Bad Soden, Hasselgrundhalle"]
[Date "2019.10.05"]
[Round "7.2"]
[White "Lehmann, Tim"]
[Black "Köllner, Ruben Gideon"]
[Result "0-1"]
[WhiteElo "1955"]
[BlackElo "2254"]
[PlyCount "48"]
[EventDate "2019.??.??"]
[WhiteTeam "SV Lahn Limburg"]
[BlackTeam "SF Deizisau"]

1. d4 Nf6 2. Bf4 c5 3. e3 Qb6 4. Nc3 d6 5. Nf3 Qxb2 6. Nb5 Qb4+ 7. Qd2 Na6 8.
dxc5 Qxc5 9. Qd4 Qxd4 10. exd4 Nd5 11. Bd2 Bf5 12. c3 Nac7 13. a4 a6 14. Nxc7+
Nxc7 15. a5 e6 16. g3 Be7 17. Bg2 Be4 18. Ke2 Rc8 19. Rhc1 d5 20. c4 dxc4 21.
Rxc4 Bc6 22. Rc2 O-O 23. h4 Nb5 24. Be3 Bxf3+ 0-1

[Event "Youth Classic 2019 - Juniors Open U18"]
[Site "Bad Soden, Hasselgrundhalle"]
[Date "2019.10.05"]
[Round "7.3"]
[White "Meinecke, Florian"]
[Black "Iliev, Mustafa Batuhan"]
[Result "0-1"]
[WhiteElo "1987"]
[BlackElo "2017"]
[PlyCount "60"]
[EventDate "2019.??.??"]
[WhiteTeam "SV Turm Sankt Augustin"]
[BlackTeam "SV Großauheim"]

1. d4 f5 2. Nf3 Nf6 3. e3 g6 4. c4 Bg7 5. Nc3 O-O 6. b3 d6 7. Bb2 c6 8. Be2 Qa5
9. Qc2 e5 10. dxe5 dxe5 11. O-O e4 12. Nd2 Be6 13. a3 Nbd7 14. b4 Qc7 15. c5
Ne5 16. Rfd1 g5 17. Nb3 Rae8 18. Nd4 Bc8 19. b5 f4 20. exf4 gxf4 21. g3 Ng6 22.
Qb3+ Kh8 23. b6 axb6 24. cxb6 Qe5 25. Na4 e3 26. fxe3 fxg3 27. Nf3 gxh2+ 28.
Nxh2 Qg3+ 29. Kh1 Ne4 30. Rg1 Nf2# 0-1

[Event "Youth Classic 2019 - Juniors Open U18"]
[Site "Bad Soden, Hasselgrundhalle"]
[Date "2019.10.05"]
[Round "7.4"]
[White "Hoffmann, Jens"]
[Black "Koch, Laura"]
[Result "1-0"]
[WhiteElo "2113"]
[BlackElo "1020"]
[PlyCount "63"]
[EventDate "2019.??.??"]
[WhiteTeam "SF HN-Biberach"]
[BlackTeam "SV Frankfurt Nord"]

1. e4 e5 2. Nf3 Nc6 3. d4 exd4 4. Nxd4 Nf6 5. Nxc6 bxc6 6. Nc3 d5 7. exd5 cxd5
8. Bd3 Bb4 9. O-O O-O 10. Bg5 c6 11. Qf3 Bg4 12. Bxf6 Bxf3 13. Bxd8 Raxd8 14.
gxf3 d4 15. Ne4 f5 16. Bc4+ Kh8 17. Ng5 Rde8 18. Nf7+ Kg8 19. Nd6+ Kh8 20. Nxe8
Rxe8 21. a3 Bc5 22. Rfe1 Rd8 23. Re5 d3 24. Rxc5 dxc2 25. Bb3 Rb8 26. Rxc6 h6
27. Bxc2 g6 28. Rxg6 Rxb2 29. Bxf5 Rb7 30. Rc1 Rg7 31. Rc8+ Rg8 32. Rgxg8# 1-0